All Overseas Territories - Statistics

General Stats
  • This quiz has been taken 21 times
    4 since last reset
  • The average score is 25 of 71
Answer Stats
Answer % Correct
Guam
100%
Balearic Islands
67%
Bermuda
67%
Canary Islands
67%
Cayman Islands
67%
Cook Islands
67%
Faroe Islands
67%
French Guiana
67%
French Polynesia
67%
Guadeloupe
67%
Madeira
67%
Martinique
67%
Mayotte
67%
Montserrat
67%
New Caledonia
67%
Northern Mariana Islands
67%
Pitcairn Islands
67%
Réunion
67%
Saint Helena
67%
Saint Martin
67%
Saint Pierre and Miquelon
67%
Svalbard
67%
Tokelau
67%
Turks and Caicos
67%
US Virgin Islands
67%
Wallis and Futuna
67%
Åland Islands
33%
American Samoa
33%
Anguilla
33%
Aruba
33%
Bonaire
33%
Bouvet Island
33%
British Virgin Islands
33%
Christmas Island
33%
Cocos (Keeling) Islands
33%
Curaçao
33%
Falkland Islands
33%
French Southern and Antarctic Lands
33%
Greenland
33%
Guernsey
33%
Isle of Man
33%
Jersey
33%
Niue
33%
Norfolk Island
33%
Northern Cyprus
33%
Puerto Rico
33%
Sardinia
33%
Sicily
33%
Sint Maarten
33%
Abkhazia
0%
Akrotiri and Dhekelia
0%
Bougainville
0%
British Indian Ocean Territory
0%
Caribbean Netherlands
0%
Corsica
0%
Crimea
0%
Easter Island
0%
Galapagos Islands
0%
Gaza Strip
0%
Gibraltar
0%
Heard Island and McDonald Islands
0%
Hong Kong
0%
Kaliningrad
0%
Kashmir
0%
Kurdistan
0%
Macau
0%
Somaliland
0%
South Georgia and the South Sandwich Islands
0%
South Ossetia
0%
Transnistria
0%
Western Sahara
0%
No matching quizzes found
Score Distribution
Percent of People with Each Score
Percentile by Number Answered
Your Score History
You have not taken this quiz since the last reset